| 000 | 03399nam0a2200445 4500 | ||
|---|---|---|---|
| 001 | RU\NLR\BIBL_A\011959965 | ||
| 005 | 20250809113239.0 | ||
| 020 |
_aRU _9Ленинград в Великой Отечественной войне. Коллекция. Афиши |
||
| 035 | _a(NLR Aleph) 011959965 | ||
| 090 |
_a65520 _c65520 |
||
| 100 | _a20190314d1944 u y0rusy50 ca | ||
| 101 | 0 | _arus | |
| 102 | _aRU | ||
| 105 | _ay z 000zy | ||
| 135 | _acrcn 024anaba | ||
| 200 | 1 |
_aКонцертная программа для взрослых, 2 июля _e[афиша] _fУправление по делам искусств Исполкома Ленгорсовета, Ленинградский государствен. театр кукол |
|
| 210 |
_a[Ленинград] _cЛТ УН-1 _d[1944] |
||
| 215 |
_a1 л. _d52х54 |
||
| 300 | _aБилеты продаются в кассе театра ежедневно, кроме понедельника, с 12 до 2 час. дня и с 3 до 6 час. вечера. Начало в 8 час. вечера | ||
| 300 | _aЗаказ 3016 | ||
| 325 | _aКопия доступна в Электрон. б-ке РНБ | ||
| 327 | _a1-е отделение: Шелковая кисточка: героические сцены на куклах в 6 картинах. Автор - Карнаухова И.В. Постановщик - Шапиро С.И. Режиссер - Рубанович С.А. Художник - Григорьев М.А. (орденоносец). Композитор - Локшин А.Л. Скульптор - Константиновская Н.Н. 2-е отделение: Цирк: эстрадное представление на куклах-марионетках. Розенвассер В.С. - детские рассказы. Ковалев П.П. - манипулятор. 3-е отделение: Четвертый мушкетер: лирическая миниатюра. Автор Браусевич. Постановщик Эренберг. Художник Коротков. В программе заняты: Белякова Т.С., Беляков В.Г., Бровман М.Г. [и др.]. Директор и художественный руководитель Шапиро С.Н. | ||
| 606 | 1 |
_aТеатральная жизнь _yЛенинград, город _z1941 - 1944 _jАфиши _2nlr_sh2 _3RU\NLR\AUTH\6601649837 |
|
| 686 | _aЩ333(2Р=Рус)7-692Ленинград | ||
| 852 |
_aNLR _jЛ3-330а/27/3/[1944]-июль |
||
| 856 | 0 | _uhttp://vivaldi.nlr.ru/la700000032/view | |
| 856 | 1 | _uhttp://vivaldi.nlr.ru/la700000032/cover | |
| 856 | 2 | _uhttp://vivaldi.nlr.ru/la700000032/text | |
| 942 | _cVISUAL | ||
| 945 | _aРоссийская национальная библиотека | ||
| 980 | _aNB | ||
| 980 | _aBV | ||
| 980 | 3 | _akplen | |
| 980 | 3 | _akp | |
| 981 | 3 | 7 |
_a(37) Ленинград в Великой Отечественной войне _b(37) Афиши блокадного Ленинграда |